| 000 | 01763nam0a2200397 4500 | ||
|---|---|---|---|
| 001 | RU\NLR\bibl\1131765 | ||
| 005 | 20260405130001.0 | ||
| 010 | _a5-7905-3710-3 | ||
| 010 |
_a978-5-7905-3710-3 _97000 |
||
| 021 |
_aRU _b2007-55014 _92924 |
||
| 035 | _a(nilc)RSL-KNO-003157999 | ||
| 035 | _a(NLR Aleph) 001118672 | ||
| 090 |
_a1284008 _c1284008 |
||
| 100 | _a20070821d2005 |||y0rusy50 ca | ||
| 101 | 0 | _arus | |
| 102 | _aRU | ||
| 105 | _ay zzzz||||| | ||
| 200 | 1 |
_aЗолотые правила здоровья _eлечебник _f[ред. Е.А. Алексеева] |
|
| 210 |
_aМосква _cРИПОЛ классик _d2005 |
||
| 215 |
_a319 с. _d21 |
||
| 225 | 1 | _aПростые советы для здоровья | |
| 300 | _aНа корешке загл.: Лечебник. Золотые правила здоровья | ||
| 300 | _aНа обороте тит.л. в макете загл.: Лечебник: золотые правила здоровья | ||
| 517 | 0 | _aЛечебник. Золотые правила здоровья | |
| 606 | 1 |
_aНародная медицина _xЛечебники _92120792 _3RU\NLR\auth\661280667 |
|
| 610 | 0 | _aЗдравоохранение. Медицинские науки -- Общая гигиена -- Личная гигиена и гигиена быта -- Лечебник | |
| 610 | 0 | _aздоровье | |
| 686 |
_aР120.4я97 _2rubbk |
||
| 686 | _aР359.2я9 | ||
| 702 | 1 |
_4340 _8rus _7ca _aАлексеева _bЕ. А. _cпопуляризатор _gЕлена Алексеевна _3RU\NLR\auth\7751194 _934128 |
|
| 801 | 0 |
_aRU _bРКП _c20070821 _grcr |
|
| 801 | 1 |
_aRU _bРГБ _c20070821 |
|
| 801 | 2 |
_aRU _bNLR _c20070924 _grcr |
|
| 942 | _cBOOK | ||
| 980 | _aNB | ||